Vista normal Vista MARC

Entrada Personal Name

Número de registros utilizados en: 1

001 - CONTROL NUMBER

  • control field: 38600

003 - CONTROL NUMBER IDENTIFIER

  • control field: OSt

005 - DATE AND TIME OF LATEST TRANSACTION

  • control field: 20210721121249.0

008 - FIXED-LENGTH DATA ELEMENTS

  • fixed length control field: 210721|| aca||aabn | a|a d

040 ## - CATALOGING SOURCE

  • Original cataloging agency: OSt
  • Transcribing agency: OSt

100 ## - HEADING--PERSONAL NAME

  • Personal name: Mejía Meneses, María Constanza

670 ## - SOURCE DATA FOUND

  • Source citation: Work cat.: (OSt)11984: Convención Bancaria y de Entidades Financieras Cartagena) (1995 : 38597, Economía y finanzas en Colombia después de las reformas una perspectiva internacional : , 1995.